O menino do pijama listrado / (Record no. 61)

MARC details
000 -LÍDER
campo de controle de tamanho fixo 02216nam a2200325 4500
001 - NÚMERO DE CONTROLE
campo de controle 61
003 - IDENTIFICADOR DO NÚMERO DE CONTROLE
campo de controle OSt
005 - DATA E HORÁRIO DA ÚLTIMA TRANSAÇÃO
campo de controle 20250528074010.0
008 - CAMPO DE DADOS FIXOS--INFORMAÇÃO GERAL
campo de controle de tamanho fixo 250122b |||||||g |||| 00| 1 eng d
020 ## - ISBN - INTERNATIONAL STANDARD BOOK NUMBER
ISBN - International Standard Book Number 9788555340482
040 ## - FONTE DA CATALOGAÇÃO
Idioma da catalogação por
041 ## - CÓDIGO DE IDIOMA
Código do idioma do original e/ou traduções intermediárias do texto eng
Código do idioma do texto/trilha sonora ou título diferente por
082 ## - CDD - CLASSIFICAÇÃO DECIMAL DE DEWEY
Número de Classificação ir820
Número do exemplar B792m
100 1# - ENTRADA PRINCIPAL--NOME PESSOAL
Nome pessoal Boyne, John,
Datas associadas ao nome 1971-
9 (RLIN) 160
240 ## - TÍTULO UNIFORME
Título uniforme The boy in the striped pyjamas
245 ## - TÍTULO
Título O menino do pijama listrado /
Indicação de responsabilidade, etc. Boyne, John ; Tradução de Augusto Pacheco Calil e Ilustração de Oliver Jeffers
260 ## - PUBLICAÇÃO, DISTRIBUIÇÃO, ETC.
Local de publicação, distribuição, etc. São Paulo
Nome do editor, distribuidor, etc. Seguinte
Data da publicação, distribuição, etc. 2017
300 ## - DESCRIÇÃO FÍSICA
Extensão 319 p.
Outros detalhes físicos il.
520 ## - NOTA DE RESUMO, ETC.
Resumo, etc. Bruno tem nove anos e não sabe nada sobre o Holocausto e a Solução Final contra os judeus. Também não faz idéia que seu país está em guerra com boa parte da Europa, e muito menos que sua família está envolvida no conflito. Na verdade, Bruno sabe apenas que foi obrigado a abandonar a espaçosa casa em que vivia em Berlim e a mudar-se para uma região desolada, onde ele não tem ninguém para brincar nem nada para fazer. Da janela do quarto, Bruno pode ver uma cerca, e para além dela centenas de pessoas de pijama, que sempre o deixam com frio na barriga.<br/><br/>Em uma de suas andanças Bruno conhece Shmuel, um garoto do outro lado da cerca que curiosamente nasceu no mesmo dia que ele. Conforme a amizade dos dois se intensifica, Bruno vai aos poucos tentando elucidar o mistério que ronda as atividades de seu pai. O menino do pijama listrado é uma fábula sobre amizade em tempos de guerra, e sobre o que acontece quando a inocência é colocada diante de um monstro terrível e inimaginável.<br/><br/>"Um livro maravilhoso." - The Guardian<br/><br/>"Intenso e perturbador [...] pode-se tornar uma introdução tão memorável ao tema como O diário de Anne Frank foi em sua época." - USA Today<br/><br/>"Um livro tão simples e tão bem escrito que beira a perfeição." - The Irish Independent
650 #0 - ASSUNTO--TERMO TÓPICO
Cabeçalho tópico ou nome geográfico Literatura Irlandesa
9 (RLIN) 87
650 #0 - ASSUNTO--TERMO TÓPICO
Cabeçalho tópico ou nome geográfico Drama
9 (RLIN) 18
650 #0 - ASSUNTO--TERMO TÓPICO
Cabeçalho tópico ou nome geográfico Grandes Amizades
9 (RLIN) 28
650 #0 - ASSUNTO--TERMO TÓPICO
Cabeçalho tópico ou nome geográfico 2° Guerra Mundial
9 (RLIN) 56
650 #0 - ASSUNTO--TERMO TÓPICO
Cabeçalho tópico ou nome geográfico Guerra
9 (RLIN) 30
655 #0 - TERMO DE ÍNDICE--GÊNERO E FORMA
Gênero/forma/ou termo foco Romance
655 #0 - TERMO DE ÍNDICE--GÊNERO E FORMA
Gênero/forma/ou termo foco Ficção
700 ## - ENTRADA ADICIONADA - NOME PESSOAL
Nome pessoal Augusto Pacheco Calil
Função do autor por extenso Tradutor
9 (RLIN) 161
700 ## - ENTRADA ADICIONADA - NOME PESSOAL
Nome pessoal Oliver Jeffers
Função do autor por extenso Ilustrador
9 (RLIN) 162
942 ## - ELEMENTOS DE ENTRADA ADICIONADOS (KOHA)
Fonte de classificação ou esquema de arquivamento Classificação decimal de Dewey
Ocultar no OPAC Não
Tipo de material Koha Livros
Holdings
Situação do descarte Situação das perdas Fonte de classificação ou esquema de arquivamento Status danificado Não pode ser emprestado Coleção Biblioteca de origem Biblioteca atual Localização na estante Data de aquisição Fonte de aquisição Total de empréstimos Número de chamada completo Código de barras Data de último acesso Número do exemplar Data do preço efetivo Tipo de material Koha
    Classificação decimal de Dewey     Ficção Biblioteca Professor Eduardo Afonso de Castro Biblioteca Professor Eduardo Afonso de Castro Literatura Estrangeira 27.08.2019 doação   ir820 / B792m 2025-16430 22.01.2025 Ex. 01 22.01.2025 Livros
    Classificação decimal de Dewey     Ficção Biblioteca Professor Eduardo Afonso de Castro Biblioteca Professor Eduardo Afonso de Castro Literatura Estrangeira 27.08.2019 doação   ir820 / B792m 2025-16431 22.01.2025 Ex. 02 22.01.2025 Livros
    Classificação decimal de Dewey     Ficção Biblioteca Professor Eduardo Afonso de Castro Biblioteca Professor Eduardo Afonso de Castro Literatura Estrangeira 27.08.2019 doação   ir820 / B792m 2025-16432 22.01.2025 Ex. 03 22.01.2025 Livros
    Classificação decimal de Dewey     Ficção Biblioteca Professor Eduardo Afonso de Castro Biblioteca Professor Eduardo Afonso de Castro Literatura Estrangeira 27.08.2019 doação   ir820 / B792m 2025-16433 22.01.2025 Ex. 04 22.01.2025 Livros

Powered by Koha